ਗਲੀਆਂ ਬਾਬਲ ਵਾਲੀਆਂ / (Record no. 110711)

MARC details
000 -LEADER
fixed length control field 00966nam a22002537a 4500
005 - DATE AND TIME OF LATEST TRANSACTION
control field 20170123164156.0
010 ## - LIBRARY OF CONGRESS CONTROL NUMBER
LC control number B-230846
020 ## - INTERNATIONAL STANDARD BOOK NUMBER
Terms of availability 150.00
International Standard Book Number 9788171421527
035 ## - SYSTEM CONTROL NUMBER
System control number B-230846
037 ## - SOURCE OF ACQUISITION
Source of stock number/acquisition Cen Lib / Ret
040 ## - CATALOGING SOURCE
Original cataloging agency DPL
Language of cataloging PN
082 ## - DEWEY DECIMAL CLASSIFICATION NUMBER
Classification number 854
Item number ਸੁਰਿੰਦ
100 ## - MAIN ENTRY--PERSONAL NAME
Personal name ਸੁਰਿੰਦਰ ਅਤੈ ਸਿੰਘ
9 (RLIN) 44266
245 ## - TITLE STATEMENT
Title ਗਲੀਆਂ ਬਾਬਲ ਵਾਲੀਆਂ /
Statement of responsibility, etc ਸੁਰਿੰਦਰ ਅਤੈ ਸਿੰਘ
246 ## - VARYING FORM OF TITLE
Title proper/short title Galian babal walian /
Remainder of title by Surinder Atai Singh
260 ## - PUBLICATION, DISTRIBUTION, ETC. (IMPRINT)
Place of publication, distribution, etc ਚੰਡੀਗੜ੍ਹ
Name of publisher, distributor, etc ਲੋਕਗੀਤ ਪ੍ਰਕਾਸ਼ਨ
Date of publication, distribution, etc 2007
270 ## - ADDRESS
Address SCO 26-27, Sector 34A
City ਚੰਡੀਗੜ੍ਹ
300 ## - PHYSICAL DESCRIPTION
Extent 148p.
Dimensions 23cm(Hb)
650 ## - SUBJECT ADDED ENTRY--TOPICAL TERM
Topical term or geographic name as entry element ਪੰਜਾਬੀ ਸਾਹਿਤ
9 (RLIN) 131101
650 ## - SUBJECT ADDED ENTRY--TOPICAL TERM
Topical term or geographic name as entry element ਪੰਜਾਬੀ- ਧਰਮ
9 (RLIN) 1301
650 ## - SUBJECT ADDED ENTRY--TOPICAL TERM
Topical term or geographic name as entry element Punjabi Literature
9 (RLIN) 781
650 ## - SUBJECT ADDED ENTRY--TOPICAL TERM
Topical term or geographic name as entry element Punjabi-religion
9 (RLIN) 9921
942 ## - ADDED ENTRY ELEMENTS (KOHA)
Source of classification or shelving scheme Dewey Decimal Classification
Koha item type Punjabi Bks
Classification part 854
Call number suffix ਸੁਰਿੰਦ
Holdings
Withdrawn status Lost status Damaged status Not for loan Home library Current library Date acquired Source of acquisition Cost, normal purchase price Total Checkouts Total Renewals Full call number Barcode Date last seen Date checked out Copy number Cost, replacement price Price effective from Koha item type
        Central Library Central Library 06/02/2016 Cen Lib/Ret 150.00 2 2 854 ਸੁਰਿੰਦ B-230846 19/02/2024 30/01/2024 1 150.00 06/02/2016 Punjabi Bks

© Delhi Public Library
Hit Counter
free hit counter